[Event "CHI-ch sf"]
[Site "Vina del Mar"]
[Date "2022.02.10"]
[Round "3"]
[White "Cisterna Bastias, Belen"]
[Black "Pena Diaz, Christian"]
[Result "0-1"]
[WhiteElo "1178"]
[BlackElo "1468"]
[PlyCount "40"]
[EventDate "2022.02.08"]
[EventType "swiss"]
[EventRounds "8"]
[EventCountry "CHI"]
[SourceTitle "CBM 207 Extra"]
[Source "ChessBase"]
[SourceDate "2022.05.31"]
[SourceVersion "1"]
[SourceVersionDate "2022.05.31"]
[SourceQuality "1"]

1. Nf3 c5 2. c4 Nc6 3. e3 Nf6 4. b3 g6 5. Bb2 Bg7 6. Nc3 0-0 7. Qc2 d5 8. d4 cxd4 9. Nxd4 Nxd4 10. exd4 Bf5 11. Qd2 e6 12. Be2 Rc8 13. Ba3 Re8 14. Nb5 Ne4 15. Qe3 a6 16. f3 Qh4+ 17. Kd1 Nf2+ 18. Ke1 Nxh1+ 19. Kf1 axb5 20. Bd6 Bxd4 0-1

[Event "CHI-ch sf"]
[Site "Vina del Mar"]
[Date "2022.02.08"]
[Round "1"]
[White "Meyer Monsalve, Ewald"]
[Black "Pena Diaz, Christian"]
[Result "1-0"]
[WhiteElo "1928"]
[BlackElo "1468"]
[PlyCount "85"]
[EventDate "2022.02.08"]
[EventType "swiss"]
[EventRounds "8"]
[EventCountry "CHI"]
[SourceTitle "CBM 207 Extra"]
[Source "ChessBase"]
[SourceDate "2022.05.31"]
[SourceVersion "1"]
[SourceVersionDate "2022.05.31"]
[SourceQuality "1"]

1. b4 d5 2. Bb2 Nf6 3. Nf3 e6 4. a3 c5 5. bxc5 Bxc5 6. e3 Nc6 7. Be2 0-0 8. 0-0 h6 9. d4 Bd6 10. c4 dxc4 11. Bxc4 a6 12. Nbd2 b5 13. Ba2 b4 14. Nc4 bxa3 15. Bxa3 Bxa3 16. Nxa3 Ne4 17. Qc2 Bb7 18. Qxe4 Na5 19. Qf4 g5 20. Qg3 Qe7 21. Nc4 Nxc4 22. Bxc4 Rac8 23. Bxa6 Rc2 24. Bxb7 Qxb7 25. Rab1 Qa7 26. h4 f6 27. Rbc1 Ra2 28. Rc7 Qa5 29. Qd6 Rf7 30. Rxf7 Kxf7 31. Qd7+ Kg6 32. hxg5 hxg5 33. Qxe6 g4 34. Qxg4+ Kf7 35. Qe4 Qh5 36. Rb1 Ra7 37. Rb7+ Rxb7 38. Qxb7+ Kg8 39. d5 f5 40. d6 Qg6 41. d7 Qf6 42. Qc8+ Kh7 43. d8Q 1-0

[Event "Vina del Mar U2000 2nd"]
[Site "Vina del Mar"]
[Date "2018.06.16"]
[Round "2.2"]
[White "Neira Zamudio, Rafael Thomas"]
[Black "Pena Diaz, Christian"]
[Result "1/2-1/2"]
[WhiteElo "1345"]
[BlackElo "1468"]
[PlyCount "81"]
[EventDate "2018.06.15"]
[EventType "swiss"]
[EventRounds "5"]
[EventCountry "CHI"]
[SourceTitle "EXT 2024"]
[Source "ChessBase"]
[SourceDate "2023.10.10"]
[SourceVersion "1"]
[SourceVersionDate "2023.10.10"]
[SourceQuality "1"]

1. d4 Nf6 2. Bg5 g6 3. Bxf6 exf6 4. e3 Bg7 5. c4 d5 6. Nc3 dxc4 7. Bxc4 0-0 8. Nf3 c6 9. 0-0 Nd7 10. a3 Nb6 11. Ba2 Qe7 12. Re1 Rd8 13. Qc1 Bh6 14. Rb1 Bf5 15. Ra1 Rac8 16. b3 Nd5 17. b4 Nxc3 18. Qxc3 Be4 19. Nd2 Bd5 20. Bxd5 cxd5 21. Qd3 Qc7 22. Qf1 Rd6 23. Rec1 Rc6 24. Rxc6 Qxc6 25. Nb3 b6 26. Qc1 Qxc1+ 27. Rxc1 Rc4 28. Kf1 Kf8 29. Ke2 Ke7 30. Kd3 Rxc1 31. Nxc1 f5 32. f4 Kf6 33. Ne2 Bf8 34. Nc3 Ke6 35. Nb5 a5 36. bxa5 bxa5 37. h4 Kd7 38. Nc3 Ke6 39. Nb5 Bb4 40. Nc7+ Kd6 41. Nb5+ 1/2-1/2